Tribhuvan University Central Library

Social science in Nepal (Record no. 1370)

MARC details
000 -LEADER
fixed length control field 006760000a22002890004500
082 ## - DEWEY DECIMAL CLASSIFICATION NUMBER
Classification number 300
Item number Sh23s
-- NC
041 ## - LANGUAGE CODE
Language code of text/sound track or separate title Eng
100 ## - MAIN ENTRY--PERSONAL NAME
Personal name Sharma, Prayag Raj
245 ## - TITLE STATEMENT
Title Social science in Nepal
260 ## - PUBLICATION, DISTRIBUTION, ETC. (IMPRINT)
Place of publication, distribution, etc Kathmandu
Name of publisher, distributor, etc T.U. Institute of Nepal and Asian Studies
260 ## - PUBLICATION, DISTRIBUTION, ETC. (IMPRINT)
Date of publication, distribution, etc 1974
300 ## - PHYSICAL DESCRIPTION
Extent xiv,218p.
365 ## - TRADE PRICE
Price type code Rs.215.00
500 ## - GENERAL NOTE
General note Includes bibliography
518 ## - DATE/TIME AND PLACE OF AN EVENT NOTE
Date/time and place of an event note 931206
530 ## - ADDITIONAL PHYSICAL FORM AVAILABLE NOTE
Additional physical form available note M
650 ## - SUBJECT ADDED ENTRY--TOPICAL TERM
Topical term or geographic name as entry element Social sciences
650 ## - SUBJECT ADDED ENTRY--TOPICAL TERM
Topical term or geographic name as entry element Geography
650 ## - SUBJECT ADDED ENTRY--TOPICAL TERM
Topical term or geographic name as entry element Anthropology
650 ## - SUBJECT ADDED ENTRY--TOPICAL TERM
Topical term or geographic name as entry element Sociology
650 ## - SUBJECT ADDED ENTRY--TOPICAL TERM
Topical term or geographic name as entry element History
650 ## - SUBJECT ADDED ENTRY--TOPICAL TERM
Topical term or geographic name as entry element Political science
650 ## - SUBJECT ADDED ENTRY--TOPICAL TERM
Topical term or geographic name as entry element Public administration
650 ## - SUBJECT ADDED ENTRY--TOPICAL TERM
Topical term or geographic name as entry element Economic
651 ## - SUBJECT ADDED ENTRY--GEOGRAPHIC NAME
Geographic name Nepal
942 ## - ADDED ENTRY ELEMENTS (KOHA)
Koha item type General Collections
Holdings
Withdrawn status Lost status Source of classification or shelving scheme Damaged status Not for loan Home library Current library Date acquired Total Checkouts Full call number Barcode Date last seen Price effective from Koha item type Date checked out
    Dewey Decimal Classification     Tribhuvan University Central Library Tribhuvan University Central Library 06/20/2010   300 Sh23s G61580 06/20/2010 06/20/2010 N  
    Dewey Decimal Classification     Tribhuvan University Central Library Tribhuvan University Central Library 06/20/2010   300 Sh23s G34140 06/20/2010 06/20/2010 N  
    Dewey Decimal Classification     Tribhuvan University Central Library Tribhuvan University Central Library 06/20/2010   300 Sh23s G20145 06/20/2010 06/20/2010 General NC  
    Dewey Decimal Classification     Tribhuvan University Central Library Tribhuvan University Central Library 01/31/2011 1 300 Sh23s G20052 01/13/2019 01/31/2011 General NC 11/01/2018
    Dewey Decimal Classification     Tribhuvan University Central Library Tribhuvan University Central Library 06/24/2013   300 Sh23s 62337 06/24/2013 06/24/2013 General NC